000 00891cam a2200277Ka 4500
001 ocn830810721
003 OCoLC
005 20150228101004.0
008 130322s2013 enka b 001 0 eng d
020 _a9780077121617
035 _a(OCoLC)830810721
_z(OCoLC)857619399
040 _aSISPL
_cSISPL
_dYDXCP
_dPHADU
050 _aHF 5657.4
_b.B87 2013
100 1 _aBurns, John.
245 1 0 _aManagement accounting /
_cJohn Burns [and three others]
260 _aLondon :
_bMcGraw-Hill Hgher Education,
_cc2013.
300 _axxxi, 642 pages :
_billustrations (some color) ;
_c27 cm.
504 _aIncludes bibliographical references and index.
521 _aBusiness Administration
650 0 _aManagerial accounting
_vTextbooks.
650 0 _aCost accounting
_vTextbooks.
700 1 _aQuinn, Martin.
700 1 _aWarren, Liz.
700 1 _aOliveira, Joao.
942 _2lcc
_cBK
999 _c283657
_d283657